Tin học và điều khiển học

में बचाया:
ग्रंथसूची विवरण
स्वरूप: पुस्तक
भाषा:Undetermined
प्रकाशित: Hà Nội Viện Khoa học và Công nghệ Việt Nam 2019
विषय:
टैग : टैग जोड़ें
कोई टैग नहीं, इस रिकॉर्ड को टैग करने वाले पहले व्यक्ति बनें!
Thư viện lưu trữ: Trung tâm Học liệu Trường Đại học Cần Thơ
LEADER 00564nam a2200181Ia 4500
001 CTU_234205
008 210402s9999 xx 000 0 und d
020 |c 40000 
082 |a 005 
082 |b T311 
245 0 |a Tin học và điều khiển học 
245 0 |c Viện Khoa học và Công nghệ Việt Nam 
260 |a Hà Nội 
260 |b Viện Khoa học và Công nghệ Việt Nam 
260 |c 2019 
650 |a Computer science,Cybernetics 
904 |i T.Trang 
980 |a Trung tâm Học liệu Trường Đại học Cần Thơ